00992nam a2200217 a 4500008004100000020001500041050001500056100001700071245009600088260004700184300002000231350000900251490005000260500015000310650001300460650004300473700001700516995010100533999001700634952012300651100930s1997 ||||||||||||||||| || u a0935018840 aSD 393 Str aHansen, Eric10aStructural changes within the global forestry sectorcedited by Ivan Eastin and Eric Hansen aMadison, WIbForest Products Societyc1997 avi, 103p.: ill. a0.00 aForest Products Society Proceedings, no. 7290 aPapers presented during the Industry Focus session of the 49th annual meeting of the Forest Products Society held in Portland, Oregon, June 1995. aFORESTRY 0aFORESTS AND FORESTRY--ECONOMIC ASPECTS aEastin, Ivan D0.00FCBU-MAIN LIBRARY (Kitwe)H1I0.00M1UAVAILABLEWOct 11, 2010ZAnnex Low-Usage Collection  c58669d58669 00102lcc4070a001b001cAnnex Low-Usage Collection d2022-11-30l0oSD 393 Strp741751r2022-11-30w2022-11-30y002